Summary of second APCA Government Affairs Seminar "Clean air and energy; what next?" : March 27, 1974, Washington Hilton, Washington, D.C. /

Bibliographic Details
Corporate Authors: Government Affairs Seminar Washington, D.C., Air Pollution Control Association
Other Authors: Beery, W. T.
Format: Conference Proceeding Book
Language:English
Published: Pittsburgh : APCA, [1974?]
Subjects:

MARC

Tag First Indicator Second Indicator Subfields
LEADER 00000cam a2200000 a 4500
001 in00000548136
005 20151014052259.0
008 760519s1974 pau 10010 eng d
019 |a 1162088 
035 |a (OCoLC)02182528 
035 |9 ACJ8299AM 
040 |a OHI  |c OHI  |d OCL  |d m.c.  |d OCL  |d TRL  |d TXA  |d UtOrBLW 
049 |a TXAM  |c [A08324015] 
090 |a TD881  |b .G6 1974 
092 |a 301.31  |b G7462s 
111 2 |a Government Affairs Seminar  |n (2nd :  |d 1974 :  |c Washington, D.C.) 
245 1 0 |a Summary of second APCA Government Affairs Seminar "Clean air and energy; what next?" :  |b March 27, 1974, Washington Hilton, Washington, D.C. /  |c [Edited by W.T. Beery] ; sponsored by Air Pollution Control Association ; hosted by APCA South Atlantic Section. 
264 1 |a Pittsburgh :  |b APCA,  |c [1974?] 
300 |a iv, 68 pages ;  |c 23 cm. 
336 |a text  |b txt  |2 rdacontent 
337 |a unmediated  |b n  |2 rdamedia 
338 |a volume  |b nc  |2 rdacarrier 
500 |a Cover title. 
650 0 |a Environmental policy  |v Congresses. 
650 0 |a Power resources  |z United States  |v Congresses. 
700 1 |a Beery, W. T. 
710 2 |a Air Pollution Control Association. 
740 0 |a Clean air and energy. 
999 |a MARS 
999 f f |s 7b4faaa3-a909-3280-9ad4-e6a712e66780  |i b2d408fa-7d65-345f-ae8e-b2c6e91c66c2  |t 0 
952 f f |p ric  |a Texas A&M University  |b Rellis Campus  |c Joint Library Facility  |d Remote Storage  |t 0  |e TD881 .G6 1974  |h Library of Congress classification  |i unmediated -- volume  |m A14808324015 
998 f f |a TD881 .G6 1974  |t 0  |l Remote Storage